00647nam a2200217Ia 4500003000400000005001700004008004100021020001500062040001800077041000800095082002100103100001800124245011400142250001200256260004300268300002900311650002400340650001700364650002900381700001900410OSt20240523103340.0210716s2002 xx 000 0 und d a0471062626 cAIMIT LIBRARY aeng a374.22 21bPATC aPate, Carter. aPhoenix effect : b9 revitalizing strategies no business can do without /cBy Carter Pate and Harlan Platt. a1st ed. aNew York :bJohn Wiley & sons ,c2002. axii,244p. ;bPBc23.5 cm aDetermine the scope aManage scale aGet the most from assets aPlatt, Harlan.